00379nam a2200145Ia 4500008004100000020001500041041001200056082002100068100002700089245005100116250001200167260003300179300001100212650001000223231217s9999 xx 000 0 und d a8178813572 aEnglish a332.45 CHO;1 R aChowdary, Nagendra ed. 0aForeign exchange reserves : concepts and cases a1st ed. c2004bICFAI PressaHyderabad ax, 195 aICFAI